000 00706nam a2200145Ia 4500
008 100204s9999 xx 000 0 und d
082 _b26719
100 _aजोशी रत्नप्रभा
245 _aजीवनसाथीच्या नजरेतून सहित्यिकांचे अंतरंग
260 _b"रोहन प्रकाशन , मुंबई"
_c2005
300 _a221
630 _aजीवनसाथीच्या नजरेतून सहित्यिकांचे अंतरंग
730 _aजीवनसाथीच्या नजरेतून सहित्यिकांचे अंतरंग
942 _cBOOK
999 _c471898
_d471895